000 00662nam a2200241Ia 4500
003 OSt
005 20220918194609.0
006 a|||||r|||| 00| 0
007 ta
008 220917b |||||||| |||| 00| 0 eng d
024 _a80,411
037 _cTextual
040 _aARTS
_cARTS
_beng
041 _2eng
_aeng
082 _aS:5(R)z7, L0
100 _aVan Devate D
_985859
245 0 _aPersons privacy and feelings
_b Essays in the philosophy of mind
260 _aMemphis
_bMemphis State Univ
_c1970
300 _avii, 142p.
_ccm.
650 _aPSYCHOLOGY
942 _hS:5(R)z7, L0
_cTEXL
_2CC
999 _c204137
_d204137